Statistics for "Grand" and "Great" U.S. Places

Click here to take the quiz!

General Stats

  • This quiz has been taken 33 times
  • The average score is 10 of 20

Answer Stats

HintAnswer% Correct
Famous Arizona landmarkGrand Canyon
100%
Michigan's second-biggest cityGrand Rapids
97%
Huron, Ontario, Michigan, Erie, SuperiorGreat Lakes
93%
Region "where the buffalo roam"Great Plains
80%
North Dakota's third-biggest cityGrand Forks
77%
Iconic Wyoming mountainGrand Teton
73%
Manhattan transit landmarkGrand Central Terminal
63%
Enormous lake within the above regionGreat Salt Lake
63%
City on the Colorado RiverGrand Junction
53%
Western desert and watershed regionGreat Basin
53%
Montana city on the Missouri RiverGreat Falls
53%
Site of the country's largest hydroelectric damGrand Coulee
40%
National Park visited by more than 12 million people each yearGreat Smoky Mountains
40%
Nebraska's fourth-biggest cityGrand Island
37%
City between Dallas and ArlingtonGrand Prairie
37%
Tourist town in the BerkshiresGreat Barrington
27%
Peninsular region of Long IslandGreat Neck
23%
Protected wetland on the edge of Hampton Roads, VirginiaGreat Dismal Swamp
17%
National Park in ColoradoGreat Sand Dunes
13%
Arm of Lake Michigan across from Green BayGrand Traverse Bay
7%

Score Distribution

Percentile by Number Answered

Percent of People with Each Score

Your Score History

You have not taken this quiz